Visualizzazione normale
Vista MARC
- Aramini M., Bellieni C.V., Cozzoli M., Di Pietro M.L., Eijk W.J., Fisichella R., Faggioni M., Frattallone R., Garcìa J.J.,
di Personal Name
Records bibliografici associati: 1
001 - CONTROL NUMBER
- control field: 59575
003 - CONTROL NUMBER IDENTIFIER
- control field:
005 - DATE AND TIME OF LATEST TRANSACTION
- control field: 20230306114607.0
008 - FIXED-LENGTH DATA ELEMENTS
- fixed length control field: 230306|| aca||aabn | a|a d
040 ## - CATALOGING SOURCE
- Original cataloging agency:
- Transcribing agency:
100 ## - HEADING--PERSONAL NAME
- Personal name: Aramini M., Bellieni C.V., Cozzoli M., Di Pietro M.L., Eijk W.J., Fisichella R., Faggioni M., Frattallone R., Garcìa J.J.,
- Dates associated with a name: Ladaria Ferrer L.F., Lucas Lucas R., Macioce F., Mattheeuws A., Mele V., Miranda G., Pennacchini M.
670 ## - SOURCE DATA FOUND
- Source citation: Work cat.: ()210382: Russo Giovanni (a cura di) 59574, Dignitas Personae, 2009